Phineas and Ferb Catchphrases - Statistics

General Stats
  • This quiz has been taken 1,071 times
  • The average score is 9 of 15
Answer Stats
Hint Answer % Correct
Suddenly Phineas realizes someone is missing and says...? Hey, wheres Perry?
91%
Perry flies out of his secret hideout and his background singers say...? Agent P!
90%
Once they have decided Isabella walks up and says...? Watchya doin?
82%
Agent P puts on his hat and Doofenshmirtz says...? Perry the platypus!
77%
Dr.Doofenshmirtz evil jingle says...? Doofenshmirtz Evil Incorporated!
72%
Agent P has foiled Doofenshmirtzs plan and as he leaves the scene Doofenshmirtz says...? Curse you Perry the Platypus!
67%
Agent P walks in Doofenshmirtz evil lair without his hat and Doofenshmirtz says...? A platypus?
65%
Someone asks "aren't you a little young to be doing this?" and Phineas says...? Yes, yes I am.
58%
Phineas and Ferb pick a project to do that afternoon, Phineas says...? I know what we're going to do today!
56%
Candaces favorite word when she talks to Stacey, when shes at the mall, when she answers the phone, when she stares at all the pictures in her room, she says...? Jeremy
46%
The day is nearly through and the missing someone is back, Phineas says...? Oh there you are Perry
45%
Candace notices her brothers are up to something and says...? Those boys are so busted
36%
Doofenshmirtz describes WHERE his evil scheme will affect and says...? The tristate area!
35%
Phineas's mom has missed their invention and inviting everyone back inside she says...? Who wants pie?
33%
Perry says...? Chattering Sound
16%
No matching quizzes found
Score Distribution
Percent of People with Each Score
Percentile by Number Answered
Your Score History
You have not taken this quiz